000
00332nam a2200133Ia 4500
008
130318s9999 xx 000 0 und d
020
_a
470844930
082
_a
005.82 STA/S
100
_a
Stajano,Frank
245
_a
Security for ubiquitous computing
260
_b
Wiley
_a
England
_c
2002
300
_a
247
650
_a
COMPUTER SECURITY
999
_c
1310
_d
1310